000 00415nam a2200181Ia 4500
001 23060
005 20260414150912.0
008 260414t2018||||xx |||||||||||||| ||spa||
041 _aESP
082 _a624.1821
_bS36
100 _aSegui, William T.
_eAUT
245 0 _aSteel design
_b
260 _c2018
300 _axvi, 751 páginas :
_c24 cm.
650 _a0
654 _aCIC
942 _cLIB
_dJUS
_fJUS
_2ddc
_n
999 _c23060
_d23060